000 00330nam a2200133Ia 4500
005 20260326235454.0
008 260326s9999||||xx |||||||||||||| ||und||
100 _aStierlin, Henri
245 0 _aGrecia :
_b de Micenas al PartenĂ³n /
_cHenri Stierlin
260 _bTaschen
300 _a235 p.
650 _aANTIGUEDAD
942 _cBK
999 _c7874
_d7874